Ukraine Squad Euro 2024 - Statistics

General Stats
  • This quiz has been taken 72 times
  • The average score is 12 of 25
Answer Stats
Club Position Answer % Correct
Real Madrid GK Andriy Lunin
99%
Chelsea MF Mykhailo Mudryk
94%
Girona FW Artem Dovbyk
92%
Arsenal MF Oleksandr Zinchenko
89%
Benfica GK Anatoliy Trubin
83%
Everton DF Vitaliy Mykolenko
77%
Bournemouth DF Illia Zabarnyi
68%
Valencia FW Roman Yaremchuk
61%
Shakhtar Donetsk MF Taras Stepanenko
54%
Genoa MF Ruslan Malinovskyi
48%
Dynamo Kyiv MF Mykola Shaparenko
45%
Dynamo Kyiv MF Andriy Yarmolenko
42%
Shakhtar Donetsk MF Heorhiy Sudakov
39%
Girona MF Viktor Tsyhankov
38%
Shakhtar Donetsk DF Mykola Matvienko
35%
Dynamo Kyiv GK Heorhiy Bushchan
30%
Dynamo Kyiv FW Vladyslav Vanat
28%
Shakhtar Donetsk DF Valeriy Bondar
25%
Shakhtar Donetsk DF Yukhym Konoplia
23%
Westerlo MF Serhiy Sydorchuk
21%
Shakhtar Donetsk MF Oleksandr Zubkov
20%
LASK DF Maksym Taloverov
17%
Dnipro-1 DF Oleksandr Svatok
17%
Dynamo Kyiv DF Oleksandr Tymchyk
17%
Dynamo Kyiv MF Volodymyr Brazhko
15%
No matching quizzes found
Score Distribution
Percent of People with Each Score
Percentile by Number Answered
Your Score History
You have not taken this quiz